[Event "Budapest FS10 GM"]
[Site "Budapest"]
[Date "1994.??.??"]
[Round "10"]
[White "Horvath, Peter"]
[Black "Horvath, Csaba"]
[Result "0-1"]
[WhiteElo "2390"]
[BlackElo "2540"]

1.d4 Nf6 2.Nf3 g6 3.c4 Bg7 4.g3 O-O 5.Bg2 d6 6.Nc3 Nbd7 7.O-O a6 8.h3 Rb8
9.e4 c5 10.dxc5 Nxc5 11.Nd4 Bd7 12.Be3 b5 13.cxb5 axb5 14.b4 Ne6 15.Qd3 Nxd4
16.Bxd4 Be6 17.Nxb5 Qd7 18.a4 Bxh3 19.Rfc1 Bxg2 20.Kxg2 h5 21.Rc7 Qe6 22.Re1 h4
23.Bxf6 Bxf6 24.gxh4 Kg7 25.Re3 Bxh4 26.Kf1 Rfc8 27.a5 Qa2 28.Qc3+ Kh7 29.Rf3 Rf8
30.Na3 Bf6 31.Qb3 Qa1+ 32.Kg2 Kg7 33.Nc2 Qd1 34.Qd3 Qc1 35.Qe3 Qb1 36.Qb3 Qd1
37.Qd3 Qc1 38.Qe3 Qb1 39.Rh3 Rh8 40.Qb3 Qd1 41.Qf3 Qc1 42.a6 Rxh3 43.Qxh3 Qg5+
44.Kf3 d5 45.Rc5 dxe4+ 46.Ke2 Qc1 47.Qe3 Qh1 48.Rd5 Rc8 49.Kd2 Bb2  0-1

[Event "Budapest FS10 IM-A"]
[Site "Budapest"]
[Date "1994.??.??"]
[Round "10"]
[White "Schnelzer, Reinhard"]
[Black "Borocz, Istvan"]
[Result "1-0"]
[WhiteElo "2285"]
[BlackElo "2385"]

1.Nf3 g6 2.c4 Bg7 3.d4 Nf6 4.g3 O-O 5.Bg2 d6 6.Nc3 Nbd7 7.O-O e5 8.e4 c6
9.h3 exd4 10.Nxd4 Qb6 11.Na4 Qc7 12.Bf4 Nh5 13.Be3 Re8 14.Re1 Nc5 15.Nc3 Bd7
16.Qc2 Rad8 17.Rad1 Bc8 18.Kh2 Nf6 19.f4 h5 20.Kh1 Nh7 21.b4 Ne6 22.b5 Nc5
23.bxc6 bxc6 24.Qc1 Bb7 25.Bf2 Nf6 26.Qc2 Nfd7 27.Nb3 Ne6 28.Na4 Nb6 29.Nd4 Nxa4
30.Qxa4 Nc5 31.Qc2 Nd7 32.Kg1 Ba8 33.Rb1 Rb8 34.Qa4 Rxb1 35.Rxb1 Nc5 36.Qc2 Nd7
37.Rd1 a6 38.Nb3 c5 39.Qd3 Re6 40.e5 Bxg2 41.Kxg2 Bf8 42.exd6 Rxd6 43.Qf3 Rxd1
44.Qxd1 Nb6 45.Qe2 Qc6+ 46.Kg1 Na4 47.Qc2 Bg7 48.Kh2 Bf6 49.h4 Kg7 50.Kg1 Qc8
51.Kh2 Kg8 52.Nd2 Qc6 53.Nb3 Bg7 54.Kg1 Kh7 55.Kh2 f5 56.Kg1 Qf3 57.Kh2 Nc3
58.Nxc5 Ne2 59.Nd3 Bd4  1-0

[Event "Budapest Statistika"]
[Site "Budapest"]
[Date "1994.??.??"]
[Round "11"]
[White "Somogyi, Istvan"]
[Black "Rogic, Davor"]
[Result "0-1"]
[WhiteElo "2305"]
[BlackElo "2390"]

1.d4 Nf6 2.Nf3 g6 3.g3 Bg7 4.Bg2 O-O 5.c4 d6 6.Nc3 Nbd7 7.O-O e5 8.e4 c6
9.h3 Qb6 10.Rb1 exd4 11.Nxd4 Qb4 12.Qb3 a5 13.Nc2 Qxb3 14.axb3 Nc5 15.Bf4 Ne8
16.Na4 Nxb3 17.Nb6 Rb8 18.Rfd1 Be6 19.Rd3 Nc5 20.Ra3 f5 21.Rxa5 Nxe4 22.f3 g5
23.Be3 Nxg3 24.Bxg5 f4 25.Re1 Rf5 26.b4 Be5 27.Bh4 Kf7 28.Ra3 Nf6 29.Rd3 Rg8
30.Nd4 Rh5 31.Bxf6 Kxf6 32.Nxe6 Kxe6 33.Kf2 Nf5 34.Bf1 Ne3 35.c5 d5 36.Rdxe3 fxe3+
37.Kxe3 Bc3 38.Rb1 Rh4 39.b5 Bd4+ 40.Kd3 Bxc5 41.bxc6 bxc6  0-1

[Event "Buenos Aires PRENAJ"]
[Site "Buenos Aires"]
[Date "1994.??.??"]
[Round "4"]
[White "Scarella, Enrique"]
[Black "Spangenberg, Hugo"]
[Result "0-1"]
[WhiteElo "2405"]
[BlackElo "2510"]

1.Nf3 g6 2.d4 Bg7 3.c4 d6 4.g3 Nf6 5.Bg2 O-O 6.Nc3 Nc6 7.d5 Na5 8.Nd2 c5
9.O-O a6 10.Qc2 e5 11.b3 Rb8 12.Rb1 b5 13.Bb2 Ng4 14.Nd1 f5 15.h3 Nf6 16.f4 Nh5
17.Qd3 e4 18.Qe3 bxc4 19.Bxg7 Nxg7 20.Qc3 cxb3 21.axb3 Rb4 22.Ne3 Nh5 23.Kh2 Qf6
24.Qc1 Bd7 25.Rd1 Rfb8 26.Qa3 Nxb3 27.Nxb3 Qc3 28.Qc1 Qxc1 29.Rbxc1 Rxb3
30.Nc4 Nxg3 31.Rd2 Nh5 32.Nxd6 Nxf4 33.Rxc5 Rb2 34.Rxb2 Rxb2 35.Rc7 Rxe2
36.Rxd7 Rxg2+ 37.Kh1 Rd2 38.Ne8 Nh5 39.d6 f4  0-1

[Event "Buenos Aires PRENAJ"]
[Site "Buenos Aires"]
[Date "1994.??.??"]
[Round "7"]
[White "Casafus, Ruben"]
[Black "Garcia, Raimundo"]
[Result "1-0"]
[WhiteElo "2430"]
[BlackElo "2395"]

1.d4 Nf6 2.Nf3 g6 3.g3 Bg7 4.Bg2 O-O 5.c4 d6 6.O-O Nc6 7.Nc3 Bg4 8.d5 Na5
9.Qd3 c5 10.Nd2 a6 11.Rb1 Qd7 12.Re1 Bh3 13.b3 Rab8 14.Bb2 Bxg2 15.Kxg2 b5
16.Ba1 bxc4 17.bxc4 Rb4 18.a3 Rxb1 19.Rxb1 Ng4 20.Qc2 Bd4 21.Nd1 Bxa1 22.Rxa1 Rb8
23.Qc3 Qc7 24.h3 Ne5 25.f4 Nd7 26.Nf2 Nb7 27.Ng4 f6 28.Qe3 Nf8 29.Rb1 Kf7
30.Qc3 Nd7 31.e4 Qa5 32.Qe3 Qc7 33.e5 dxe5 34.fxe5 Nxe5 35.Nxe5+ fxe5 36.Qh6 Kg8
37.Ne4  1-0

[Event "BUL-ch"]
[Site "BUL"]
[Date "1994.??.??"]
[Round "8"]
[White "Kolev, Atanas"]
[Black "Petrov, Marijan"]
[Result "1-0"]
[WhiteElo "2490"]
[BlackElo "2400"]

1.d4 Nf6 2.Nf3 g6 3.c4 Bg7 4.g3 O-O 5.Bg2 d6 6.O-O Nbd7 7.Nc3 e5 8.e4 exd4
9.Nxd4 Re8 10.h3 Nc5 11.Re1 Bd7 12.Rb1 Qc8 13.Kh2 a5 14.b3 c6 15.Bf4 Qc7
16.a3 Nh5 17.Be3 Rad8 18.b4 axb4 19.axb4 Ne6 20.Nde2 f5 21.exf5 gxf5 22.f4 Bc8
23.Qd3 Qf7 24.Bf3 Nf6 25.Rbd1 Qg6 26.Bb6 Rd7 27.g4 fxg4 28.Qxg6 hxg6 29.hxg4 Rf7
30.Bf2 Ref8 31.Bg3 Ne8 32.Ne4 Bh6 33.Nxd6 Nxd6 34.Rxd6 Bxf4 35.Nxf4 Nxf4
36.Re4 Kg7 37.Be1 Ne6 38.Be2 Ng5 39.Bc3+ Kh7 40.Re3 Rf4 41.Re7+ R4f7 42.Rxf7+ Nxf7
43.Rf6 Kh6 44.Bf3 Bd7 45.Kg3 Be8 46.Kh4 Kh7 47.Be4 Rg8 48.g5 Nd8 49.Kg3 Bf7
50.Rf2 Rg7 51.c5 Ne6 52.Kg4 Be8 53.Bxg7 Kxg7 54.Rd2 Kf7 55.Bc2 Ke7 56.Bb3 Nc7
57.Bc4 Bd7+ 58.Kf4 Be6 59.Bxe6 Nxe6+ 60.Kg4 Nf8 61.Re2+ Kd7 62.Rf2 Ke7 63.Rf6 Ke8
64.Kf4 Ke7 65.Ke4 Ke8 66.Ke5 Nd7+ 67.Ke6 Nxf6 68.Kxf6  1-0

[Event "Bytom op"]
[Site "Bytom"]
[Date "1994.??.??"]
[Round "?"]
[White "Kazek, Krzysztof"]
[Black "Bielczyk, Jacek"]
[Result "1/2-1/2"]
[WhiteElo "2325"]
[BlackElo "2380"]

1.Nf3 Nf6 2.c4 d6 3.d4 g6 4.g3 Bg7 5.Bg2 O-O 6.Nc3 Bg4 7.h3 Bxf3 8.Bxf3 Nc6
9.e3 Nd7 10.Bd2 e5 11.d5 Ne7 12.e4 f5 13.h4 c6  1/2-1/2

[Event "ESP-chT"]
[Site "Cala Galdana"]
[Date "1994.??.??"]
[Round "?"]
[White "Bernal Moro, Luis Javier"]
[Black "Gallego, Victoriano"]
[Result "1/2-1/2"]
[WhiteElo "2390"]
[BlackElo "2360"]

1.d4 Nf6 2.c4 g6 3.Nf3 Bg7 4.g3 O-O 5.Bg2 d6 6.O-O c5 7.Nc3 Nc6 8.d5 Na5
9.Nd2 e5 10.e4 Ng4 11.b3 f5 12.exf5 gxf5 13.Bb2 Bd7 14.Qc2 a6 15.Rae1 b5
16.Nd1 b4 17.h3 Nf6 18.f4 e4 19.Ne3  1/2-1/2

[Event "ESP-chT"]
[Site "Cala Galdana"]
[Date "1994.??.??"]
[Round "?"]
[White "Pigusov, Evgeny"]
[Black "Spraggett, Kevin"]
[Result "1-0"]
[WhiteElo "2570"]
[BlackElo "2550"]

1.Nf3 Nf6 2.c4 g6 3.g3 Bg7 4.d4 O-O 5.Bg2 d6 6.Nc3 Nbd7 7.O-O e5 8.e4 exd4
9.Nxd4 Re8 10.h3 Nc5 11.Re1 Bd7 12.b4 Ne6 13.Nb3 h6 14.f4 a5 15.bxa5 Bc6
16.Bd2 Nd7 17.Rb1 h5 18.h4 Ndc5 19.Nd5 Ba4 20.f5 Bd4+ 21.Kf1 Rf8 22.Bg5 Bxb3
23.axb3 Nxg5 24.Qxd4 Nge6 25.fxe6 fxe6+ 26.Kg1 exd5 27.Qxd5+ Kh7 28.e5  1-0

[Event "Cappelle op"]
[Site "Cappelle la Grande"]
[Date "1994.??.??"]
[Round "1"]
[White "Jasnikowski, Zbigniew"]
[Black "Maes, Wim"]
[Result "1-0"]
[WhiteElo "2475"]
[BlackElo "2245"]

1.d4 Nf6 2.c4 g6 3.Nf3 Bg7 4.g3 O-O 5.Bg2 d6 6.Nc3 Nbd7 7.O-O e5 8.h3 Re8
9.e4 exd4 10.Nxd4 a6 11.Re1 Rb8 12.Be3 c5 13.Nde2 b5 14.Qxd6 b4 15.Na4 Nxe4
16.Bxe4 Rxe4 17.Nxc5 Bf8 18.Qxb8 Nxb8 19.Nxe4 Qe7 20.Nd2 Bb7 21.Nf4 Qf6 22.b3 Nd7
23.Nd5 Qf5 24.Rad1 Qxh3 25.Bd4 f5 26.Nf3 h6 27.Nf4 Qg4 28.Nh2 Qg5 29.Re6 Kf7
30.Rxg6 Qe7 31.Re6 Qg5 32.Be3 Qd8 33.c5 Qc8 34.c6 Bxc6 35.Rc1 Nb8 36.Ba7 Qb7
37.Bxb8 Bd7 38.Rc7  1-0

[Event "Cappelle op"]
[Site "Cappelle la Grande"]
[Date "1994.??.??"]
[Round "3"]
[White "Rubene, Ilze"]
[Black "Nalbandian, Tigran"]
[Result "0-1"]
[WhiteElo "2255"]
[BlackElo "2485"]

1.d4 Nf6 2.Nf3 g6 3.c4 Bg7 4.g3 O-O 5.Bg2 d6 6.Nc3 Nbd7 7.O-O e5 8.e4 Re8
9.h3 a6 10.Re1 exd4 11.Nxd4 Rb8 12.Bg5 h6 13.Bf4 Ne5 14.b3 Nh5 15.Be3 c5
16.Nde2 g5 17.f4 gxf4 18.gxf4 Ng6 19.Qd2 Nh4 20.f5 Kh7 21.Bh1 b5 22.Rad1 Rg8
23.Kf1 Be5 24.Bf2 bxc4 25.bxc4 Bb7 26.Nd5 Bxd5 27.Qxd5 Qf6 28.Rb1 Kh8 29.Qd3 Qg5
30.Rxb8 Rxb8 31.Rb1 Rg8 32.Rb6 Nf4 33.Nxf4 Qxf4 34.Qe3 Qxe3 35.Bxe3 Rg3 36.Bf2 Rxh3
37.Bg2 Nxg2 38.Kxg2 Ra3 39.Bh4 Rxa2+ 40.Kf3 Kg7 41.Be7 Ra3+ 42.Ke2 Ra2+  0-1

[Event "Cappelle op"]
[Site "Cappelle la Grande"]
[Date "1994.??.??"]
[Round "3"]
[White "Makarov, Marat"]
[Black "Werner, Dimo"]
[Result "1/2-1/2"]
[WhiteElo "2525"]
[BlackElo "2375"]

1.Nf3 Nf6 2.c4 g6 3.d4 Bg7 4.g3 O-O 5.Bg2 d6 6.O-O Nc6 7.Nc3 e5 8.d5 Ne7
9.e4 Nd7 10.b4 h6 11.Nd2 f5 12.c5 Nf6 13.cxd6 cxd6 14.Nc4 g5 15.Ba3 f4 16.b5 Ne8
17.Rc1 Ng6 18.h3 Rf7 19.g4 Bf8 20.f3 h5 21.Rf2 Rh7 22.Qb3 Qf6 23.Qa4 Qd8
24.Bb4 b6 25.Rfc2 Rb8 26.Qb3 Nh4 27.Nd1 hxg4 28.hxg4 Nxg2 29.Rxg2  1/2-1/2

[Event "Cappelle op"]
[Site "Cappelle la Grande"]
[Date "1994.??.??"]
[Round "4"]
[White "Todorov, Ognjan"]
[Black "Tkachiev, Vladislav"]
[Result "1/2-1/2"]
[WhiteElo "2400"]
[BlackElo "2510"]

1.d4 Nf6 2.c4 g6 3.Nf3 Bg7 4.g3 O-O 5.Bg2 d6 6.O-O Nbd7 7.Nc3 e5 8.h3 c6
9.e4 Qb6 10.d5 cxd5 11.cxd5 Nc5 12.Ne1 Bd7 13.Nd3 Nxd3 14.Qxd3 Rfc8 15.Rb1 Nh5
16.Be3 Qb4 17.a3 Qb3 18.Qd1 Qxd1 19.Rfxd1 f5 20.Kh2 f4 21.Bd2 Bf6 22.Bf3  1/2-1/2

[Event "Cappelle op"]
[Site "Cappelle la Grande"]
[Date "1994.??.??"]
[Round "5"]
[White "Jasnikowski, Zbigniew"]
[Black "Dobrowolski, Piotr"]
[Result "1/2-1/2"]
[WhiteElo "2475"]
[BlackElo "2320"]

1.d4 Nf6 2.c4 g6 3.Nf3 Bg7 4.g3 O-O 5.Bg2 d6 6.Nc3 c6 7.O-O Qa5 8.e4 Bg4
9.h3 Bxf3 10.Bxf3 e5 11.Be3 Qb4 12.Qb3 Qxb3 13.axb3 a6 14.Rfd1 Re8 15.b4 Nbd7
16.Bg2 Rad8 17.Rd2 Nf8 18.d5 cxd5 19.exd5 Rc8 20.c5 e4 21.g4 h6 22.Na4 N8d7
23.Rc1 b5 24.Bf4 bxa4 25.Bxd6 Bf8 26.Bxf8 Kxf8 27.Ra1 g5 28.c6 Nb6 29.Bf1  1/2-1/2

[Event "Cappelle"]
[Site "Cappelle la Grande"]
[Date "1994.??.??"]
[Round "6"]
[White "Relange, Eloi"]
[Black "Lanka, Zigurds"]
[Result "1-0"]
[WhiteElo "2445"]
[BlackElo "2540"]

1.d4 Nf6 2.c4 g6 3.Nf3 Bg7 4.g3 O-O 5.Bg2 d6 6.O-O Nc6 7.d5 Na5 8.Nfd2 c5
9.Nc3 a6 10.Qc2 Rb8 11.b3 b5 12.Bb2 e5 13.Nd1 Qe7 14.e4 Nh5 15.Qc3 b4 16.Qe3 Nb7
17.Qe2 a5 18.f4 exf4 19.Bxg7 Nxg7 20.gxf4 f6 21.Nb2 Nd8 22.Nd3 Nf7 23.Rae1 Bd7
24.e5 fxe5 25.fxe5 Nxe5 26.Nxe5 dxe5 27.Qxe5 Rxf1+ 28.Bxf1 Qxe5 29.Rxe5 Bf5
30.Re7 Ne8 31.Ra7 Nf6 32.Rxa5 Nd7 33.Ra7 Re8 34.Nf3 Nf6 35.Rc7 Bg4 36.Nd2 Nd7
37.Ra7 Kg7 38.Bd3 Re1+ 39.Kf2 Rd1 40.Kg3 Rg1+ 41.Kf4 Bh3 42.Nf3 Rg4+ 43.Ke3  1-0

[Event "Cappelle op"]
[Site "Cappelle la Grande"]
[Date "1994.??.??"]
[Round "7"]
[White "Makarov, Marat"]
[Black "Kempinski, Robert"]
[Result "1-0"]
[WhiteElo "2525"]
[BlackElo "2385"]

1.c4 Nf6 2.Nf3 g6 3.d4 Bg7 4.g3 O-O 5.Bg2 d6 6.Nc3 Nbd7 7.O-O e5 8.e4 c6
9.Rb1 a5 10.h3 Ne8 11.d5 c5 12.a3 Qe7 13.Ne1 f5 14.exf5 gxf5 15.f4 Nef6 16.Nc2 Qf7
17.g4 fxg4 18.hxg4 exf4 19.Bxf4 Qe7 20.g5 Ne8 21.Qd2 Ne5 22.Rbe1 Qd8 23.b3 Bd7
24.a4 Qb6 25.Nb5 Nc7 26.Be4 Nxb5 27.axb5 Ng6 28.Qh2 Qd8 29.Bxd6 Qxg5+ 30.Qg2 Rxf1+
31.Rxf1 Qxg2+ 32.Bxg2 a4 33.b4 cxb4 34.Bxb4 Rc8 35.d6 Kh8 36.Na3 b6 37.Bc6 Ne5
38.Bxd7 Nxd7 39.Rf7 Rd8 40.Nc2 Kg8 41.Re7 Nc5 42.Bxc5 bxc5 43.Ne3 Ra8 44.b6 Bf8
45.Ra7 Rb8 46.Nd5 Bg7 47.d7 Be5  1-0

[Event "Cappelle op"]
[Site "Cappelle la Grande"]
[Date "1994.??.??"]
[Round "7"]
[White "Jasnikowski, Zbigniew"]
[Black "Banikas, Hristos"]
[Result "1/2-1/2"]
[WhiteElo "2475"]
[BlackElo "2300"]

1.d4 Nf6 2.c4 g6 3.Nf3 Bg7 4.g3 O-O 5.Bg2 d6 6.Nc3 Nbd7 7.O-O e5 8.h3 Re8
9.e4 exd4 10.Nxd4 a6 11.Re1 Rb8 12.Bf4 Ne5 13.b3 c5 14.Nf3 Nfd7 15.Nxe5 Nxe5
16.Rc1 b5 17.cxb5 axb5 18.Re2 b4 19.Na4 g5 20.Be3 Nc6  1/2-1/2

[Event "Cappelle op"]
[Site "Cappelle la Grande"]
[Date "1994.??.??"]
[Round "8"]
[White "Baburin, Alexander"]
[Black "Czebe, Attila"]
[Result "1-0"]
[WhiteElo "2520"]
[BlackElo "2355"]

1.d4 Nf6 2.c4 g6 3.Nf3 Bg7 4.g3 d6 5.Bg2 O-O 6.O-O Nbd7 7.Nc3 e5 8.e4 exd4
9.Nxd4 Re8 10.h3 a6 11.Be3 Rb8 12.a4 Ne5 13.b3 Nfd7 14.Qc2 Nc6 15.Nxc6 bxc6
16.Rad1 Qe7 17.f4 Nf8 18.Rfe1 Bd7 19.Bf2 Ne6 20.Kh2 Rb4 21.Rd3 a5 22.Red1 h5
23.e5 h4 24.Ne4 hxg3+ 25.Bxg3 c5 26.Qf2 Nd4 27.Bh4 Qe6 28.Nf6+ Bxf6 29.Bxf6 dxe5
30.Qh4  1-0

[Event "Cappelle op"]
[Site "Cappelle la Grande"]
[Date "1994.??.??"]
[Round "8"]
[White "Roizen, Nadejda"]
[Black "Lane, Gary W"]
[Result "1/2-1/2"]
[WhiteElo "2280"]
[BlackElo "2435"]

1.d4 Nf6 2.c4 g6 3.Nf3 Bg7 4.g3 O-O 5.Bg2 d6 6.O-O Nc6 7.d5 Na5 8.Nfd2 c5
9.Nc3 a6 10.Qc2 Rb8 11.b3 b5 12.Bb2 e5 13.dxe6 Bxe6 14.cxb5 axb5 15.Nde4 b4
16.Nxf6+ Qxf6 17.Nd1 Qe7 18.Ne3 Bxb2 19.Qxb2 f6 20.Rfd1 Kg7 21.Rd2 Rfd8 22.Rad1 Qf8
23.Qc2 Rbc8 24.Qe4 Bg8 25.Qf4 c4 26.Rxd6 Rxd6 27.Rxd6 cxb3 28.axb3 Nxb3 29.Qxb4 Rc1+
30.Nf1 Qe7 31.h4 Bc4 32.Rb6 Qxb4 33.Rxb4  1/2-1/2

[Event "Cappelle"]
[Site "Cappelle la Grande"]
[Date "1994.??.??"]
[Round "9"]
[White "Relange, Eloi"]
[Black "Apicella, Manuel"]
[Result "1/2-1/2"]
[WhiteElo "2445"]
[BlackElo "2465"]

1.d4 Nf6 2.c4 g6 3.Nf3 Bg7 4.g3 O-O 5.Bg2 d6 6.O-O Nbd7 7.Nc3 e5 8.e4 c6
9.h3 Re8 10.Be3 exd4 11.Nxd4 Nc5 12.Qc2  1/2-1/2

[Event "Cappelle op"]
[Site "Cappelle la Grande"]
[Date "1994.??.??"]
[Round "9"]
[White "McNab, Colin Anderson"]
[Black "Mandel, Andreas"]
[Result "1-0"]
[WhiteElo "2460"]
[BlackElo "2370"]

1.c4 g6 2.g3 Bg7 3.Bg2 d6 4.d4 Nf6 5.Nf3 O-O 6.O-O Nbd7 7.Qc2 e5 8.Rd1 Qe7
9.Nc3 c6 10.d5 c5 11.a3 Ng4 12.h3 Nh6 13.e4 f5 14.b4 f4 15.Nb5 Nf7 16.Nc7 Rb8
17.Ne6 Re8 18.Nxg7 Kxg7 19.gxf4 exf4 20.Bxf4 Kg8 21.Qc3 b6 22.Re1 g5 23.Bg3 Nde5
24.Nxe5 Nxe5 25.Re3 Rb7 26.f4 gxf4 27.Bxf4 Kh8 28.Rg3 Qf8 29.Rf1 Rf7 30.Rgf3 Rxf4
31.Rxf4 Qg7 32.R1f2 Rg8 33.b5 Bd7 34.Rf6 Qe7 35.Kh1 Bc8 36.Qc1 Nd3 37.Qc3 Nxf2+
38.Rxf2+ Qg7 39.Qf6 Qxf6 40.Rxf6 Rd8 41.Rf7 Bd7 42.Kh2 Kg8 43.Re7 Kf8 44.Rxh7 Kg8
45.Rh6 Be8 46.Re6 Kf8 47.e5 dxe5 48.Rxe5 Kf7 49.Bf3 Kf6 50.Re6+ Kg7 51.Kg3 Bg6
52.Be4 Bf7 53.Re7 Kf6 54.Rxa7 Rg8+ 55.Kf4 Rg1 56.Bd3 Rd1 57.Ke3 Rh1 58.Rb7 Rxh3+
59.Kd2 Bg8 60.a4 Bf7 61.Rxb6+ Ke5 62.Rb7 Kd4 63.Be2 Bg6 64.d6 Rh8 65.a5 Rd8
66.d7 Bf5 67.a6 Ke5 68.Ke3  1-0

[Event "Casablanca"]
[Site "Casablanca"]
[Date "1994.??.??"]
[Round "4"]
[White "Sebih, Kamel"]
[Black "Kaabi, Mejdi"]
[Result "1-0"]
[WhiteElo "2375"]
[BlackElo "2340"]

1.c4 Nf6 2.d4 g6 3.g3 Bg7 4.Bg2 O-O 5.Nf3 d6 6.O-O Nc6 7.d5 Na5 8.Nbd2 c5
9.a3 Qc7 10.Qc2 b6 11.Ne1 Bd7 12.b4 Nb7 13.Bb2 e6 14.dxe6 Bxe6 15.Nd3 Rac8
16.Nf4 cxb4 17.axb4 Nd8 18.Qa4 a5 19.bxa5 bxa5 20.Rfc1 Nb7 21.Bc3 Bd7 22.Qa3 Bc6
23.Bxc6 Qxc6 24.Qb2 Ne8 25.Nd5 Rc7 26.Bxg7 Nxg7 27.Nxc7 Qxc7 28.Ne4 Nc5 29.Nxc5 dxc5
30.Qd2 Ne6 31.Rxa5 Rd8 32.Qe1 Nd4 33.Ra3 Rb8 34.Re3 Rb2 35.Rb1 Rc2 36.Qd1 Qd7
37.Rd3 Qf5 38.Rxd4 cxd4 39.Qxd4 Qc8 40.Qe5 f6 41.Qd6  1-0

[Event "Mencik mem"]
[Site "Ceske Budejovice"]
[Date "1994.??.??"]
[Round "2"]
[White "Eretova, Kveta"]
[Black "Maskova, Jana"]
[Result "1/2-1/2"]
[WhiteElo "2090"]
[BlackElo "2220"]

1.d4 Nf6 2.Nf3 g6 3.g3 Bg7 4.Bg2 O-O 5.c4 d6 6.Nc3 Nbd7 7.O-O c6 8.e4 e5
9.h3 Re8 10.Qc2 exd4 11.Nxd4 a5 12.Be3 Nc5 13.Rad1 Qe7 14.Rfe1 Nfd7 15.b3 Na6
16.Qd2 Ndc5 17.Bf4 Be5 18.Bg5 Bf6 19.Bxf6 Qxf6 20.Nde2 Be6 21.Qxd6 Rad8 22.Qf4 Qg7
23.Qe3 Qf8 24.Nd4 Nb4 25.Rd2  1/2-1/2

[Event "Mencik mem"]
[Site "Ceske Budejovice"]
[Date "1994.??.??"]
[Round "4"]
[White "Eretova, Kveta"]
[Black "Holoubkova, Martina"]
[Result "1-0"]
[WhiteElo "2090"]
[BlackElo "2190"]

1.d4 Nf6 2.Nf3 g6 3.g3 Bg7 4.Bg2 O-O 5.c4 d6 6.Nc3 c6 7.O-O Qa5 8.h3 Be6
9.d5 cxd5 10.Nd4 dxc4 11.Nxe6 fxe6 12.Bxb7 Nbd7 13.Bxa8 Rxa8 14.Kg2 Nd5 15.Ne4 Rb8
16.Qc2 Qa6 17.Nc3 Nc5 18.Bd2 Nb4 19.Qc1 d5 20.Bh6 d4 21.Bxg7 Kxg7 22.Qg5 Qc6+
23.Kh2 dxc3 24.Qe5+ Kf7 25.Qf4+ Kg7 26.Qxb8 cxb2 27.Rab1 Nd5 28.Qe5+ Kf7
29.Rxb2 Nd7 30.Qd4 c3 31.Rc2 e5 32.Qd3 Nc5 33.Qf3+  1-0

[Event "Mencik mem"]
[Site "Ceske Budejovice"]
[Date "1994.??.??"]
[Round "7"]
[White "Eretova, Kveta"]
[Black "Kubikova, Hana"]
[Result "1/2-1/2"]
[WhiteElo "2090"]
[BlackElo "2155"]

1.d4 Nf6 2.Nf3 g6 3.g3 Bg7 4.c4 d6 5.Bg2 O-O 6.Nc3 c6 7.O-O Qa5 8.e4 Qh5
9.Ng5 Qxd1 10.Rxd1 Nbd7 11.h3 e5 12.Nf3 h6 13.Be3 Ne8 14.Ne1 Nc7 15.d5 c5
16.Nd3 f5 17.Rac1 a6 18.f4 Kh7 19.exf5 gxf5 20.fxe5 Nxe5 21.Nxe5 Bxe5 22.Bf4 Bxf4
23.gxf4 Bd7 24.Re1 Rae8 25.Kf2 Rxe1  1/2-1/2

[Event "Mencik mem"]
[Site "Ceske Budejovice"]
[Date "1994.??.??"]
[Round "9"]
[White "Eretova, Kveta"]
[Black "Mackova, Eva"]
[Result "1/2-1/2"]
[WhiteElo "2090"]
[BlackElo "2165"]

1.d4 Nf6 2.Nf3 g6 3.g3 Bg7 4.Bg2 O-O 5.c4 d6 6.Nc3 Nbd7 7.O-O e5 8.e4 c6
9.h3 exd4 10.Nxd4 Qb6 11.Nde2 Nc5 12.Qc2 a5 13.Be3 Nfd7 14.Na4  1/2-1/2

[Event "Cordoba op"]
[Site "Cordoba"]
[Date "1994.??.??"]
[Round "3"]
[White "Barrios, Ramon"]
[Black "Nicoara Etchegaray, Malina"]
[Result "0-1"]
[WhiteElo "2130"]
[BlackElo "2140"]

1.d4 Nf6 2.g3 g6 3.Bg2 Bg7 4.c4 d6 5.Nf3 O-O 6.O-O Nbd7 7.Nc3 e5 8.e4 c6
9.h3 Qb6 10.d5 Nc5 11.Qe2 cxd5 12.cxd5 Bd7 13.Be3 Rac8 14.Rfc1 Ne8 15.Nd2 Qxb2
16.Rab1 Qa3 17.Nc4 Qa6 18.Bf1 b6 19.Qb2 Qb7 20.a4 f5 21.a5 b5 22.Nxb5 Nxe4
23.Nxa7 Qxb2 24.Rxb2 Rc7 25.Bb6 Bh6 26.Ra1 Rb7 27.a6 Rb8 28.Nc6 Ra8 29.a7 Nc3
30.N4xe5 dxe5 31.Nxe5 Nf6 32.Bc4 Bg7 33.d6+ Kh8 34.Bd4 Nce4 35.Nxd7 Nxd7
36.Bxg7+ Kxg7 37.Bd5 Kf6 38.Bxa8 Rxa8 39.f3 Nec5 40.Re2 Ne6 41.Kf2 h6 42.Rd2 g5
43.Ra5 Nec5 44.Rxc5 Nxc5 45.d7 Ne6 46.Rd6 Ke7 47.d8=Q+ Nxd8 48.Rxh6 Rxa7
49.Rh7+ Nf7 50.h4 Ra2+ 51.Ke3 Rh2 52.Rg7 gxh4 53.gxh4 Rxh4 54.Rg6 Rh6 55.Rg2 Ra6
56.Rc2 Kf6 57.Rc3 Ng5 58.Kf4 Ne6+ 59.Kg3 Kg5 60.Rc2 Ra3 61.Rd2  0-1

[Event "Cordoba op"]
[Site "Cordoba"]
[Date "1994.??.??"]
[Round "7"]
[White "Barrios, Ramon"]
[Black "Ribeiro, Fernando"]
[Result "1-0"]
[WhiteElo "2130"]
[BlackElo "2200"]

1.d4 Nf6 2.g3 g6 3.Bg2 Bg7 4.c4 O-O 5.Nf3 d6 6.O-O c6 7.Nc3 Qa5 8.d5 Qb4
9.Qd3 cxd5 10.Nxd5 Nxd5 11.cxd5 Na6 12.Nd2 Nc5 13.Qc4 Qxc4 14.Nxc4 Bd7 15.Bg5 f6
16.Be3 f5 17.Bxc5 dxc5 18.Rab1 Rab8 19.f4 Bb5 20.b3 Ba6 21.Rf3 Rfd8 22.Rd3 b5
23.Ne5 c4 24.bxc4 bxc4 25.Rxb8 Rxb8 26.Ra3 Rb6 27.Kf2 g5 28.Ke3 gxf4+ 29.gxf4 Bxe5
30.fxe5 c3 31.Rxc3 Rb2 32.Bf3 Rxa2 33.d6 f4+ 34.Kxf4 Ra4+ 35.Kf5 Rd4 36.Rc7 exd6
37.e6 Bb5 38.Rxa7 Rh4 39.e7 Rxh2 40.Bd5+ Kh8 41.Kf6 Rf2+ 42.Kg5 h5 43.Ra8+ Kh7
44.e8=Q  1-0

[Event "Cordoba op"]
[Site "Cordoba"]
[Date "1994.??.??"]
[Round "7"]
[White "Ninov, Kiril"]
[Black "Matamoros Franco, Carlos S"]
[Result "1-0"]
[WhiteElo "2415"]
[BlackElo "2415"]

1.Nf3 Nf6 2.g3 g6 3.Bg2 Bg7 4.d4 O-O 5.c4 d6 6.O-O Nbd7 7.Nc3 e5 8.e4 exd4
9.Nxd4 Re8 10.h3 a6 11.Be3 Rb8 12.a4 Ne5 13.b3 Bd7 14.f4 Nc6 15.Re1 Nb4 16.Qd2 c5
17.Nc2 Nxc2 18.Qxc2 b5 19.axb5 axb5 20.cxb5 Bxb5 21.Rad1 Qc7 22.Nxb5 Rxb5
23.Bf2 Qb8 24.e5 dxe5 25.Bc6 exf4 26.Bxe8 Nxe8 27.Qe2 Nc7 28.Qe7 Bd4 29.Rxd4 cxd4
30.Bxd4 Rxb3 31.Qf6 Rxg3+ 32.Kf2  1-0

[Event "Cordoba op"]
[Site "Cordoba"]
[Date "1994.??.??"]
[Round "8"]
[White "Komljenovic, Davor"]
[Black "Hansen, Sune Berg"]
[Result "1-0"]
[WhiteElo "2465"]
[BlackElo "2440"]

1.d4 Nf6 2.c4 g6 3.Nf3 Bg7 4.g3 O-O 5.Bg2 d6 6.O-O Nbd7 7.Nc3 e5 8.e4 c6
9.h3 Qa5 10.Be3 exd4 11.Nxd4 Re8 12.Qc2 Ne5 13.b3 a6 14.Rad1 Rb8 15.Nde2 Bf8
16.c5 dxc5 17.f4 Neg4 18.hxg4 Nxg4 19.Bf2 c4 20.e5 cxb3 21.axb3 Nxf2 22.Rxf2 Bc5
23.Ne4 Bxf2+ 24.Kxf2 Qb6+ 25.Kf1 Bf5 26.Nf6+ Kh8 27.Qc3 Red8 28.Rd6 Be6 29.b4 Qb5
30.Kf2 Qb6+ 31.Kf1 Kg7 32.g4 Qb5 33.Kf2 Ra8 34.Nd4 Qb6 35.Kg3 Qc7 36.Rxe6 Rxd4
37.Re8  1-0

[Event "CZE-ch"]
[Site "?"]
[Date "1994.??.??"]
[Round "9"]
[White "Beil, Zdenek"]
[Black "Michalek, Jan"]
[Result "1/2-1/2"]
[WhiteElo "2355"]
[BlackElo "2290"]

1.d4 Nf6 2.Nf3 g6 3.c4 Bg7 4.g3 O-O 5.Bg2 d6 6.O-O Nbd7 7.Qc2 e5 8.Rd1 Qe7
9.e4 c6 10.Nc3 Nb6 11.dxe5 dxe5 12.b3 Bg4 13.a4 Rfd8 14.Ba3 Rxd1+ 15.Qxd1 Qe8
16.Ra2 Bxf3 17.Bxf3 Rd8 18.Rd2 Rxd2  1/2-1/2

[Event "CZE-chT"]
[Site "?"]
[Date "1994.??.??"]
[Round "?"]
[White "Matlak, Marek"]
[Black "Rasik, Vitezslav"]
[Result "1-0"]
[WhiteElo "2485"]
[BlackElo "2425"]

1.d4 Nf6 2.Nf3 g6 3.c4 Bg7 4.g3 O-O 5.Bg2 d6 6.O-O Nc6 7.d5 Na5 8.Nfd2 c5
9.Nc3 e6 10.Rb1 Re8 11.b4 cxb4 12.Rxb4 Nxd5 13.Nxd5 exd5 14.cxd5 Bf5 15.e4 Bd7
16.Bb2 Bxb2 17.Rxb2 Qf6 18.Qb1 Rac8 19.Rc1 Qd4 20.Rbc2 Rxc2 21.Rxc2 Ba4 22.Qb2 Qxb2
23.Rxb2 b5 24.Bf1 a6 25.Kg2 Rc8 26.Nb3 Nc4 27.Rb1 b4 28.Kg1 Bxb3 29.axb3 Na3
30.Rb2 a5 31.f4 Kf8 32.Kf2 Rc3 33.e5 Ke7 34.Be2 Nc2 35.Bd1 Ne3 36.Bf3 Rc2+
37.Rxc2 Nxc2 38.Bd1 Na1 39.Ke3 a4 40.bxa4 b3 41.Kd2 b2 42.Bc2 Nb3+ 43.Kc3 Na5
44.Bd3  1-0

[Event "CZE-chT"]
[Site "?"]
[Date "1994.??.??"]
[Round "?"]
[White "Beil, Zdenek"]
[Black "Nedela, Vlastimil"]
[Result "1-0"]
[WhiteElo "2355"]
[BlackElo "2405"]

1.d4 g6 2.c4 Bg7 3.Nf3 Nf6 4.g3 O-O 5.Bg2 d6 6.O-O Nc6 7.Nc3 Bf5 8.b3 Ne4
9.Bb2 Nxc3 10.Bxc3 Be4 11.Rc1 d5 12.e3 Qd7 13.Qe2 Rfd8 14.Rfd1 a5 15.Bf1 Bxf3
16.Qxf3 e6 17.cxd5 Qxd5 18.Bg2 Qb5 19.d5 exd5 20.Rxd5 Qb6 21.Qf4 Bxc3 22.Rxc3 Qb4
23.Qc4 Qa3 24.Rxd8+ Rxd8 25.Bxc6 bxc6 26.Rc2 Rd6 27.Kf1 Rd1+ 28.Kg2 Rd6 29.Qc5 Qb4
30.Qxb4 axb4 31.Kf3 Kf8 32.Ke2 Ke7 33.Rc4 c5 34.Rxc5 Kd7 35.e4 Ra6 36.Rc2 h5
37.h4 Kd6 38.Kd3 Kd7 39.Rd2 Rc6 40.Kd4 Kd6 41.Ke3+ Ke7 42.Rd4 Ra6 43.Rxb4 Rxa2
44.Rc4 Kd7 45.Rc3 Rb2 46.f3 Ke6 47.Kf4 Kf6 48.e5+ Ke6 49.Kg5 Rg2 50.f4 c5
51.Kh6 Kd5 52.Kg7 Ke6 53.Rd3 Ke7 54.Re3 Ke6 55.Rc3 Rg1 56.Rxc5 Rxg3 57.Rc6+ Ke7
58.Rc7+ Ke8 59.Rxf7 Rg4 60.b4  1-0